书目信息 |
| 题名: |
现代英语联想与搭配
|
|
| 作者: | 陆国强 著 | |
| 分册: | ||
| 出版信息: | 上海 上海译文出版社 1985 |
|
| 页数: | 201页 | |
| 开本: | 19cm | |
| 丛书名: | ||
| 单 册: | ||
| 中图分类: | H314.3 , H31 | |
| 科图分类: | ||
| 主题词: | 英语-句法 , 句法-英语 , 英语 | |
| 电子资源: | ||
| ISBN: | ||
| 000 | 00684nam0 2200265 45 | |
| 001 | 0185013624 | |
| 005 | 20040509172122.2 | |
| 010 | @dCNY0.92 | |
| 100 | @a19951023d1985 em y0chiy0121 ea | |
| 101 | 0 | @achi |
| 102 | @aCN@b310000 | |
| 105 | @ay z 000yy | |
| 106 | @ar | |
| 200 | 10 | @a现代英语联想与搭配@Axian dai ying yu lian xiang yu da pei@f陆国强著 |
| 210 | @a上海@c上海译文出版社@d1985 | |
| 215 | @a201页@d19cm | |
| 606 | @a英语-句法 | |
| 606 | @a句法-英语 | |
| 606 | 0 | @a英语 |
| 690 | @aH314.3@v3 | |
| 690 | @aH31@v3 | |
| 701 | 0 | @a陆国强@4著@Aliu guo qiang |
| 801 | 0 | @aCN@b深圳图书馆@c20040102 |
| 801 | 2 | @aCN@bNLC@c20040102 |
| 905 | @dH31@e173@f9@b144903-911 | |
| 现代英语联想与搭配/陆国强著.-上海:上海译文出版社,1985 |
| 201页;19cm |
| ISBN :CNY0.92 |
| ● |
| 相关链接 |
|
|
|
|
正题名:现代英语联想与搭配
索取号:H31/173
 
预约/预借
| 序号 | 登录号 | 条形码 | 馆藏地/架位号 | 状态 | 备注 |
| 1 | 0144903 | 000933342 | 第四借阅区/ [索取号:H31/173] | 在馆 | |
| 2 | 0144904 | 000932030 | 第四借阅区/ [索取号:H31/173] | 在馆 | |
| 3 | 0144905 | 000932156 | 第四借阅区/ [索取号:H31/173] | 在馆 | |
| 4 | 0144906 | 000933306 | 第四借阅区/ [索取号:H31/173] | 在馆 | |
| 5 | 0144907 | 000932110 | 第四借阅区/ [索取号:H31/173] | 在馆 | |
| 6 | 0144908 | 000932076 | 第四借阅区/ [索取号:H31/173] | 在馆 | |
| 7 | 0144909 | 000933529 | 第四借阅区/ [索取号:H31/173] | 在馆 | |
| 8 | 0144910 | 000933486 | 第四借阅区/ [索取号:H31/173] | 在馆 | |
| 9 | 0144911 | 000933422 | 第四借阅区/ [索取号:H31/173] | 在馆 | |
| 10 | 0144912 | 001851366 | 密集书库/ [索取号:H31/173] | 在馆 |